00451 2200169 4500001002100000005001500021008004100036035001900077041000700096082000800103090001400111100001200125245002600137260007000163300003300233650001500266INLIS00000000000479620241224112959241224||||||||| | ||| |||| || |  0010-1224004796 aen0 a530 a530 MAR f0 aSopudin00aPiknik Ka Situ Gunung aJakartabDinas pendidikan Dan Kebudayaan Kabupaten Sukabumic2003 avii, 39 hlm. : ilus. ; 21 cm 0aIlmu Murni